| Tag |
First Indicator |
Second Indicator |
Subfields |
| LEADER |
00000cam a2200000 4500 |
| 001 |
in00003865621 |
| 005 |
20190415191002.0 |
| 006 |
m o d |
| 007 |
cr |n||||||||n |
| 008 |
790524s1712 enk|||| o 00||||eng c |
| 035 |
|
|
|a (CU-RivES)T22416
|
| 035 |
|
|
|a (Uk-ES)006223035
|
| 035 |
|
|
|a (OCoLC)508515106
|
| 040 |
|
|
|a Uk-ES
|c Uk-ES
|d CStRLIN
|d Cengage Gale
|d UtOrBLW
|
| 100 |
0 |
|
|a D. P.
|0 http://id.loc.gov/authorities/names/n85143508
|
| 245 |
1 |
4 |
|a The armies representation to old England.
|
| 264 |
|
1 |
|a [London?] :
|b [publisher not identified],
|c [1712]
|
| 300 |
|
|
|a 1 online resource (1 sheet)
|
| 336 |
|
|
|a text
|b txt
|2 rdacontent
|
| 337 |
|
|
|a computer
|b c
|2 rdamedia
|
| 338 |
|
|
|a online resource
|b cr
|2 rdacarrier
|
| 500 |
|
|
|a Signed at end: by D.P. .
|
| 500 |
|
|
|a On the dismissal of the Duke of Marlborough.
|
| 510 |
4 |
|
|a English Short Title Catalog,
|c T22416.
|
| 500 |
|
|
|a Reproduction of original from British Library.
|
| 500 |
|
|
|a Electronic resource.
|
| 610 |
1 |
0 |
|a Great Britain.
|b Army
|v Early works to 1800.
|
| 650 |
|
0 |
|a Military
|z Great Britain
|v Early works to 1800.
|
| 655 |
|
7 |
|a Electronic books.
|2 local
|
| 710 |
2 |
|
|a Gale (Firm)
|0 http://id.loc.gov/authorities/names/no2008071348
|
| 752 |
|
|
|a Great Britain
|b England
|d London.
|
| 856 |
4 |
0 |
|u http://proxy.library.tamu.edu/login?url=http://find.galegroup.com/ecco/infomark.do?contentSet=ECCOArticles&docType=ECCOArticles&bookId=1518202700&type=getFullCitation&tabID=T001&prodId=ECCO&docLevel=TEXT_GRAPHICS&version=1.0&source=library&userGroupName=txshracd2898
|z Connect to the full text of this electronic book
|t 0
|
| 999 |
f |
f |
|s c0e6f785-e09c-32c3-a11e-5f4c72d395c2
|i a5a7240e-a367-3850-a690-1dd8a8d09f26
|t 0
|
| 952 |
f |
f |
|a Texas A&M University
|b College Station
|c Electronic Resources
|d Available Online
|t 0
|h No information provided
|
| 998 |
f |
f |
|t 0
|l Available Online
|